000
00326nam a2200133Ia 4500
005
20251222144727.0
008
251222s9999||||xx |||||||||||||| ||spa||
020
_a
88-09-02246-7
082
_a
927.504.5/N25/Ej.2
100
_a
Nardini, Bruno
245
0
_a
Miguel Ángel:
264
_b
Giunti Gruppo Editoriale
942
_c
LIB
999
_c
18447
_d
18447